| 000 | 01793cam a22003854a 4500 | ||
|---|---|---|---|
| 999 |
_c128118 _d128118 |
||
| 001 | 12801624 | ||
| 003 | ARRUPE | ||
| 005 | 20180906112126.0 | ||
| 008 | 020604s2002 enka b s001 0 eng | ||
| 010 | _a 2002074938 | ||
| 020 | _a0821414453 (Ohio University Press : alk. paper) | ||
| 020 | _a0821414461 (Ohio University Press : pbk. : alk. paper) | ||
| 020 | _a0852554532 (James Currey : alk. paper) | ||
| 020 | _a0852554524 (James Currey : pbk. : alk. paper) | ||
| 040 |
_aDLC _cDLC _dDLC |
||
| 041 | 0 | _aengamh | |
| 042 | _apcc | ||
| 043 | _af-et--- | ||
| 050 | 0 | 0 |
_aHN789.Z9 _b.E43 2002 |
| 082 | 0 | 0 |
_a305.5/52/09630904 _221 |
| 100 | 0 |
_aBahru Zewde. _942031 |
|
| 245 | 1 | 0 |
_aPioneers of change in Ethiopia : _bthe reformist intellectuals of the early twentieth century / _cBahru Zewde. |
| 260 |
_aOxford : _bJ. Currey ; _aAthens, Ohio : _bOhio University Press ; _aAddis Ababa : _bAddis Ababa University, _c2002. |
||
| 300 |
_axii, 228 p. : _bill. ; _c23 cm. |
||
| 490 | 1 | _aEastern African studies | |
| 504 | _aIncludes bibliographical references (p. 212-222) and index. | ||
| 546 | _aIn English with some Amharic. | ||
| 650 | 0 |
_aIntellectuals _zEthiopia _xHistory _y20th century. _942032 |
|
| 650 | 0 |
_aSocial reformers _zEthiopia _xHistory _y20th century. _942033 |
|
| 650 | 0 |
_aSocial change _zEthiopia _xHistory _y20th century. _942034 |
|
| 651 | 0 |
_aEthiopia _xIntellectual life _xWestern influences. _942035 |
|
| 830 | 0 |
_aEastern African studies (London, England) _942036 |
|
| 856 | 4 | 2 |
_3Book review (H-Net) _uhttp://www.h-net.org/review/hrev-a0d0i8-aa |
| 906 |
_a7 _bcbc _corignew _d1 _eocip _f20 _gy-gencatlg |
||
| 942 |
_2lcc _cMONOGRAPH |
||